Business mathematics drill and practice disk /
保存先:
| 第一著者: | |
|---|---|
| フォーマット: | 図書 |
| 言語: | English |
| 出版事項: |
Albany, N.Y. :
Delmar,
1995.
|
| 版: | 3rd ed. |
| 主題: | |
| タグ: |
タグ追加
タグなし, このレコードへの初めてのタグを付けませんか!
|
| Thư viện lưu trữ: | Mạng thư viện Đại học Đà Nẵng |
|---|
| LEADER | 00886cmm a2200337 i 4500 | ||
|---|---|---|---|
| 001 | 000049878 | ||
| 003 | 10047 | ||
| 005 | 20030211101951.0 | ||
| 008 | 010425|1995 vm 000 eng | ||
| 020 | |a 0827360118 | ||
| 040 | |a IRC |c IRC |d IRC | ||
| 041 | 0 | |a eng | |
| 082 | 1 | 4 | |a 513.93 |b DI-W |
| 100 | 1 | |a Dillon, William M. | |
| 245 | 0 | 0 | |a Business mathematics |h [Float Disk-Đĩa mềm] : |b drill and practice disk / |c William M. Dillon. |
| 250 | |a 3rd ed. | ||
| 260 | |a Albany, N.Y. : |b Delmar, |c 1995. | ||
| 300 | |a 1 computer disk ; |c 3 1/2 in. | ||
| 630 | 0 | 4 | |a Mathematics. |
| 630 | 0 | 4 | |a Business mathematics. |
| 650 | 0 | 4 | |a Business mathematics. |
| OWN | |a DUT | ||
| 999 | |a From the UDN01 | ||
| TYP | |a Computer file | ||
| TYP | |a Monograph | ||
| 980 | |a Mạng thư viện Đại học Đà Nẵng | ||


